000 00440nam a22001817a 4500
003 MPLRDC
005 20220105061145.0
008 210129b ||||| |||| 00| 0 eng d
020 _a978-986-353-122-7
082 _a494 XSM
100 _a徐世明
245 _a创造财富靠自己
_c
250 _a初版
260 _a台湾
_b水星文化事业出版社
_c2015
300 _b
650 _a企业管理
942 _cNB
_o494 XSM
999 _c69644
_d69634